Analýza možností optimalizácie nákladov v podniku diplomová práca

Gespeichert in:
Bibliographische Detailangaben
1. Verfasser: Kováč, Michal
Körperschaft: Fakulta podnikového manažmentu EU. Katedra podnikovohospodárska
Weitere Verfasser: Šagátová, Slavka, 1975-
Format: Buch
Sprache:Slowakisch
Veröffentlicht: Bratislava 2018
Tags: Tag hinzufügen
Keine Tags, Fügen Sie das erste Tag hinzu!

MARC

LEADER 00000nbm a2200000 4500
001 0244859
005 20181004111839.4
041 0 |a slo 
044 |a SK 
245 1 0 |a Analýza možností optimalizácie nákladov v podniku  |b diplomová práca  |c Michal Kováč ; školiteľ: Slavka Šagátová 
264 1 |a Bratislava  |c 2018 
300 |a 74 s. 
100 1 |a Kováč, Michal 
700 1 |a Šagátová, Slavka, 1975- 
710 2 |a Fakulta podnikového manažmentu EU. Katedra podnikovohospodárska